Hijo de hombre /
Guardado en:
| Autor Principal: | |
|---|---|
| Formato: | Libro |
| Publicado: |
Buenos Aires :
Sudamericana,
1984
|
| Materias: | |
| Etiquetas: |
Agregar Etiqueta
Sin Etiquetas, Sea el primero en etiquetar este registro!
|
| LEADER | 00696nam a22002295a 4500 | ||
|---|---|---|---|
| 001 | CEM.cems005479 | ||
| 005 | 20100922091016.0 | ||
| 008 | 130507s1984##################000#0#####d | ||
| 003 | CEMS | ||
| 020 | |a 9500702622 | ||
| 082 | 0 | 4 | |a PA863.4 |
| 100 | 1 | |a Roa Bastos, Augusto | |
| 245 | 1 | 0 | |a Hijo de hombre / |c Augusto Roa Basto |
| 260 | |a Buenos Aires : |b Sudamericana, |c 1984 | ||
| 300 | |a 285 p. | ||
| 653 | |a Literatura | ||
| 653 | |a Literatura hispanoamericana | ||
| 653 | |a Novelas | ||
| 653 | |a Novela paraguaya-siglo 20 | ||
| 653 | |a Literatura paraguaya | ||
| 859 | |a CEMS |b BIB. CEMS - 11 de abril |h PA863.4 |i R53-2 |p 14207.86 |t Ej.1 | ||
| 859 | |a CEMS |b BIB. CEMS - 11 de abril |h PA863.4 |i R53-2 |p 14208.86 |t Ej.2 | ||
